| 000 | 00672cam a22002293a 4500 | ||
|---|---|---|---|
| 001 | 19490 | ||
| 003 | PGUSA | ||
| 005 | 20140828083419.0 | ||
| 008 | 061007s2006||||xxu|||||s|||||000 | eng d | ||
| 040 |
_aPGUSA _beng |
||
| 042 | _adc | ||
| 050 | 4 | _aDT | |
| 100 | 1 | _aMaumené, Charles | |
| 245 | 1 | 0 |
_aDe Boe Hedma in Zuid-Tunis : _bDe Aarde en haar Volken, 1907 _h[electronic resource] / _cCharles Maumené |
| 260 |
_bProject Gutenberg, _c2006 |
||
| 506 | _aPublic domain in the USA. | ||
| 516 | _aElectronic text | ||
| 653 | _aTunisia -- Description and travel | ||
| 830 | 0 |
_aProject Gutenberg _v19490 |
|
| 856 | 4 | 0 | _uhttp://www.gutenberg.org/ebooks/19490 |
| 942 | _cEB | ||
| 999 |
_c248745 _d248745 |
||